| 000 | 01170cam a2200349 4500 | ||
|---|---|---|---|
| 008 | 050214n2004 000 0 eng u | ||
| 020 | _a0749441496 | ||
| 035 | _a(Sirsi) u128784 | ||
| 050 |
_a346.41066 _c18 |
||
| 100 | _aClayton, P. | ||
| 245 |
_aLaw for the small business _ban essential guide to all the legal and financial requirements |
||
| 250 | _a11th ed. | ||
| 260 |
_aLondon _bKogan Page _c2004 |
||
| 300 |
_aviii,188p. _c24cm |
||
| 350 | _a15.99 | ||
| 490 | _aThe Sunday Times Business Enterprise Guide | ||
| 520 | _aAn introduction to business law. Sets out the points of law that affect small businesses, including: taxation; cash and credit; patents, copyrights and trade marks; debt collection; bankruptcy and liquidation; takeovers and mergers; and employment law. | ||
| 590 | _aNB | ||
| 650 | _aTAXATION | ||
| 650 | _aPATENTS | ||
| 650 | _aCOPYRIGHT | ||
| 650 | _aTRADE-MARKS | ||
| 650 | _aDEBT COLLECTION | ||
| 650 | _aBANKRUPTCY | ||
| 650 | _aLIQUIDATION | ||
| 650 | _aTAKEOVERS | ||
| 650 | _aMERGERS | ||
| 650 | _aEMPLOYMENT LAW | ||
| 650 |
_aInsurance _96249 |
||
| 690 | _aMANAGEMENT-BUSINESS MANAGEMENT | ||
| 942 | _n0 | ||
| 999 |
_c104015 _d104015 |
||